[Event "2021 Norman Friedman Memorial"]
[Site "Garden City, ID"]
[Date "2021.10.09"]
[Round "3"]
[White "Jablonski, Chase"]
[Black "Anthony, Ralph"]
[Result "1-0"]
[WhiteElo "1213"]
[BlackElo "1673"]
[Annotator "Chase Jablonski"]
[PlyCount "47"]
[EventDate "2021.10.08"]
[EventType "swiss"]
[EventRounds "5"]
[EventCountry "USA"]

{[%evp 0,47,30,22,68,55,75,72,76,72,72,65,75,42,38,37,67,48,72,82,140,72,80,98,
146,139,164,182,160,145,177,65,70,13,131,-33,29985,29986,29987,29988,29991,
29992,29993,1470,29987,29988,29989,29988,29999,-30000] G90+30 1213 v 1600. A
fun attacking game finishing in a two-piece sacrifice to checkmate. White took
advantage of Black wasting time with pawn moves. This game was the tournament
director Eric Vigil's favorite.} 1. e4 d6 2. Nf3 Nf6 3. Nc3 g6 4. d4 Bg7 5. Bg5
c6 $6 {Inaccuracy. O-O was best. If black had castled here, the h6 pawn would
not have been a problem, preventing him from castling later in the game.
Opponent told me he wanted some craziness. Perhaps our rating difference made
my opponent overconfident.} 6. Qd2 h6 $6 {Inaccuracy. ...O-O was best. Black
cannot now castle without losing the h-pawn. I think this is premature.} (6...
O-O 7. h3 Nbd7 8. a4 Qa5 9. Bd3 e5 10. dxe5 Nxe5 11. Nxe5) 7. Bf4 b5 8. Bd3 b4
$5 {This makes six pawn moves by Black in the opening. Perhaps not objectively
wrong but this makes Black's game more difficult. This did frighten me away
from castling queenside.} 9. Ne2 Qb6 $6 {Inaccuracy. Bg4 was best. One of the
options if Black wants to hold onto the b-pawn. I'm not sure Black should have
pushed the b-pawn since now he either has to lose it or spend time defending.}
10. O-O {+1.9} (10. O-O-O {+0.4}) 10... g5 11. Bg3 {Time: White 1:02, Black 0:
34.} Bg4 $6 {Inaccuracy. ...c5 was best.} (11... c5 12. e5) 12. e5 Nh5 13. exd6
Nxg3 $16 {A generally good principle to try and trade off the dark-squared
bishop but in this case the face-off between the bishops was gone.} 14. hxg3 (
14. Nxg3 Bxf3 15. gxf3 Qxd4 16. Nf5 {I think this line was better from a human
perspective since the knight ended up being in my way in the game. I was
concerned about losing the d4-pawn but Nf5 wins. +7.4}) (14. fxg3 {This was a
line I strongly considered due to opening the f-file but I was concerned about
the g1-h7 diagonal with the queen and bishop already deployed. +3.9}) 14...
exd6 $2 {Opening the king here is bold. The computer might not care but my
opponent said he underestimated Qe3+.} 15. Qe3+ {Mistake. Nxg5 was best.
Missed a tactic with Nxg5 to win a pawn.} (15. Nxg5 O-O (15... hxg5 16. Qxg5
Bxd4 17. Qxg4) 16. Nf3 Nd7) 15... Kf8 16. Rfe1 {Mistake. a3 was best. a3 is
difficult to find. I should consider the bishop supporting an attack on the
queenside. However, I wanted to play down the e-file, so I have no regrets
here.} (16. a3 bxa3 17. Rxa3 Nd7) 16... Bxf3 $4 {Blunder. Nd7 was best. This
is a mistake. Black needs to develop his knight and get his rook into the game
or risk being overrun down the e-file. This is why I played Rfe1.} (16... Nd7
17. a3 Re8 18. Qd2 b3 19. Qb4 Bf6 20. cxb3 Kg7 21. Qxb6 Nxb6 22. b4 h5 23. Rac1
{with a slight advantage for White.}) 17. Nf4 $6 {Inaccuracy. Qxf3 was best. A
sacrifice I spent about 20 minutes calculating. I calculated ...Bxd4, ...Qd8,
and ...Nd7. I was hoping for ...Bxd4 as I had calculated it clearly to
checkmate.} (17. Qxf3 Nd7 18. Bf5 Nf6) 17... Bxd4 $4 {Checkmate is now
unavoidable. ...Qd8 was best. This move looks like it's the trickiest
counter-attack. I initially thought this idea defeated my sacrifice but I had
initially missed, as did my opponent, Ne6+. During the post-mortem, my
opponent regretted not spending more time here but he only had about 20
minutes remaining.} (17... Qd8 18. Ng6+ fxg6 19. Qxf3+ {The best defense.
Stockfish gives only a slight advantage for White but calculating this line I
felt it would be difficult to defend against. I was happy enough with this
continuation. White is down a piece but Black is completely passive with no
active pieces and White has a clear plan of attack.}) (17... gxf4 18. Qe8#) (
17... Nd7 18. Ng6+ fxg6 19. Qe7+ Kg8 20. Qe6+ Kf8 21. Bxg6 {Calculated clearly
to here, expecting a mate to follow. Stockfish confirms mate in 3.} Ne5 22.
Rxe5 Qb7 23. Qe8+ Rxe8 24. Rxe8#) 18. Qe8+ Kg7 19. Ne6+ fxe6 20. Qe7+ Kg8 21.
Rxe6 $2 {Lost forced checkmate sequence. Qxe6+ was best. A clear mistake.
Anything wins here, but maintaining a forced sequence should have been my
priority. I had initially calculated Qe6+ but forgot it in the moment. I had
also calculated the text line to checkmate and in the moment felt safer with
that. I should have stopped here and recalculated, as time was sufficient.} (
21. Qxe6+ Kf8 22. Qxd6+ (22. Qe8+ Kg7 23. Re7+ Kf6 24. Qf7#) 22... Kg8 23. Qg6+
Bg7 24. Re8#) 21... Bxf2+ $6 {Checkmate is now unavoidable. Bh5 was best.} (
21... Bh5 22. Rxd6) 22. Kh1 Bh5 23. Bg6 Qd4 24. Qf7# {Final time: White 24m,
Black 7:39.} 1-0

[Event "Susan Polgar Foundation National Open f"]
[Site "Bellevue Hyatt, Bellevue, WA"]
[Date "2021.10.03"]
[Round "4"]
[White "Razmov, Gabriel"]
[Black "Zhou, Leonardo"]
[Result "1-0"]
[WhiteElo "1516"]
[BlackElo "1664"]
[Annotator "Gabriel Razmov"]
[PlyCount "107"]
[EventDate "2021.??.??"]
[TimeControl "3600+5"]

{[%evp 0,107,27,10,31,26,22,4,8,12,3,2,11,0,19,19,27,23,30,29,32,31,21,23,23,
31,80,53,55,57,55,68,54,59,27,-72,-31,-94,-111,-93,-58,-58,-80,-123,-90,-85,
-104,-47,185,216,210,283,233,278,307,439,506,514,552,571,972,993,1052,1107,
1107,1017,1027,655,655,670,696,711,707,580,628,617,617,617,636,621,680,661,818,
753,939,945,988,617,703,746,841,807,882,544,544,537,599,613,719,433,450,131,
132,132,171,188,216,205,260,260] This game was played in round 4 of 6 at the
Susan Polgar National Open for Girls & Boys. I had a good day 1 (rounds 1-3),
winning my first game and drawing Class B and Class A players after that. I
was hoping to get in contention for first place, and this game was critical.} 
1. e4 e5 2. Nf3 Nc6 3. Bc4 Bc5 4. c3 Nf6 5. b4 Bb6 6. d3 d6 7. O-O h6 8. a4 a6
9. h3 O-O 10. Nbd2 d5 11. exd5 ({Another option, although not necessarily
better, was} 11. Bb3 d4 12. Nc4 dxc3 13. Nfxe5 Nd4 14. Nxb6 cxb6 15. Be3) 11...
Nxd5 12. Ne4 Bf5 $6 (12... Be6) 13. Qb3 Nf6 14. Re1 $6 (14. Rd1) 14... Qe7 15.
Ba3 {Around here I thought I would be winning out of the opening, but soon
enough, I realized it wasn't quite so easy!} Qd7 {White retains about a +2
advantage here, but now there are no tactics for them.} 16. a5 {Frustrated, I
tried to win material but as my minutes burned away, I couldn't find a good
line.} (16. Nxf6+ gxf6 17. Bc1 $1 Bxh3 18. Re4 $1 {is promising, in hindsight})
(16. b5 $2 Na5 $1 {and there is nothing here.}) 16... Ba7 17. Rad1 $6 (17.
Nxf6+ gxf6 18. Bc1 {aiming at the kingside.}) 17... Bxh3 $1 {A nice sacrifice,
due to a lot of White pieces concentrated on the queenside. This is a move
which forces White to be extremely precise. Unfortunately, I was already not
in the mood to play this type of game, since I couldn't win material earlier
on the queenside, and this move got me off balance a little bit.} 18. gxh3 Qxh3
19. Nxf6+ $4 {Now Black is winning, as they could utilize the open g-file
against the white king!} (19. Nh2 {I considered this, but I couldn't work out}
Nxe4 20. Rxe4 Qg3+ 21. Kh1 Bxf2 $4 {My calculations stopped here, and I
thought I must be in a dangerous position here! Unfortunately, my calculations
were wrong. As it turns out,} 22. Rf1 $1 {was winning, due to Rg4 next move.}
Kh8 23. Rg4 Qe3 24. Bc1) 19... gxf6 20. Nh2 Bxf2+ $4 (20... Kh8 $1 {This
leaves Black winning, since even} 21. Bxf7 {doesn't work:} Rg8+ 22. Bxg8 Rxg8+
{and White must give up their Queen.}) 21. Kxf2 Qxh2+ 22. Ke3 Qf4+ 23. Ke2 {
At this point, I thought he would go for the repetition, but surprisingly he
didn't.} Rae8 $4 (23... Qh2+ {=}) 24. Rg1+ $1 {An only winning move. From here,
I calculated up to about move 28.} Kh8 25. Rdf1 $1 Qh2+ 26. Kd1 e4 (26... Qh5+
27. Kc1) 27. Rh1 Qg2 28. Rxh6+ Kg7 {This is the crucial position. There is an
only way to win (that is your hint), but what is it?} 29. Rhh1 $1 ({Not} 29.
Rfh1 $2 Rh8 {=}) 29... e3 30. Rfg1 e2+ 31. Ke1 Qg5 32. Bc1 Ne5 33. Rxg5+ $6 {
This move was due to a hallucination.} (33. Bxg5 Nf3+ 34. Kf2 e1=Q+ 35. Rxe1 {
+- is an easier win instead}) 33... fxg5 34. Kxe2 $6 {A brave move, but I am
up so much material I can afford such inaccuracies and still retain a winning
position.} (34. Be3 $1 {A nice blocking move, which then wins the pawn on e2
without losing the c4-Bishop.} Nxc4 35. Qxc4 Rxe3 $2 36. Qd4+) 34... Nxc4+ 35.
Kd1 Ne5 36. d4 $6 {I have no idea why I did not take the g-pawn now.} (36. Bxg5
) 36... Ng4 {From here onward White is trying to consolidate and eliminate
dangerous counterplay, but Black manages to stir things up anyway. Time on the
clocks also becomes an increasingly influential factor for the rest of the
game.} 37. Qc2 f5 38. Bxg5 Re4 39. Qb2 Kg8 40. Bh6 Rf7 41. Qd2 Rf6 42. Qg5+ Kf7
43. Qd2 f4 44. Bg5 Rf5 45. Qa2+ Kg7 46. Bh4 (46. Bh6+ $1 Nxh6 $2 47. Qg2+)
46... f3 47. Qb1 Ne3+ 48. Kd2 Rxh4 49. Rxh4 $2 (49. Qg1+ Rg4 50. Qxe3) 49... f2
50. Qxf5 $6 (50. Rh1 {is simpler}) 50... Nxf5 51. Rf4 Ng3 52. Rxf2 Ne4+ 53. Ke3
Nxf2 54. Kxf2 {White is lucky that after all the fireworks they're left with a
solid extra pawn in the king-and-pawn endgame, leading to a simple technical
win. I stopped notating here, as our clocks were quite low (~2 minutes left
for me and ~30 seconds for him). In the end, White went on to win, as expected,
from this position.} 1-0

[Event "Simultaneous Exhibition"]
[Site "?"]
[Date "2021.10.02"]
[Round "?"]
[White "Polgar, Susan"]
[Black "Bian, Erin"]
[Result "0-1"]
[WhiteElo "2598"]
[BlackElo "1903"]
[Annotator "Erin Bian"]
[PlyCount "46"]
[EventDate "2021.??.??"]

{[%evp 0,46,30,16,21,33,33,33,33,5,52,2,2,-18,-3,-33,-18,-41,-45,-45,-46,-54,
-65,-74,-79,-81,-44,-114,-124,-147,-152,-147,-164,-155,-155,-289,-343,-384,
-277,-581,-577,-624,-637,-783,-778,-793,-803,-885,-938]} 1. e4 {This was a
small surprise; I expected Susan to play 1. d4 or 1. Nf3} e5 2. Nf3 Nc6 3. d4
exd4 4. Nxd4 Bc5 5. Nxc6 Qf6 6. Qf3 dxc6 7. Qxf6 $6 {I think this is a bit
inaccurate, because it realeases the tension and lets me develop my knight to
the superior f6 instead of e7. The computer actually likes Qxf6, but it's not
scoring very well for white.} (7. Nc3 {This is the main line, played by many
top players.}) 7... Nxf6 8. f3 {This is natural - defending e4 and somewhat
restricting my minor pieces.} Be6 {Develops the bishop and prepares to castle
queenside.} 9. Nc3 O-O-O 10. Bg5 $5 {I missed this move, and spent a lot of
time thinking here.} (10. Bd2 {Also a valid choice; this would be similiar to
if she had played 11. Bd2, first provoking h6. But the pawn may be more useful
there.}) 10... h6 {Probably the safest choice.} (10... Bd4 $5 {I considered
this for a while but decided against it because I wanted to get rid of the
threat of e4-e5 as soon as possible. This is logical, but my concrete reason
was flawed - I thought white could play} 11. Ne2 $2 Bxb2 12. Rb1 Be5 13. f4 {
followed by 14.e5, but didn't see that I could return to d4 with the bishop:}
Bd4 $1 14. Nxd4 Rxd4 $19) 11. Bxf6 (11. Bd2 {Susan almost played this, but
decided against it. I would argue here that the h6 pawn is better placed here
versus if she had played 10. Bd2 in one go.}) 11... gxf6 12. a3 $6 {Presumably
trying to prevent ...Bb4, but I don't think white has time for this.} (12. Bd3
{Blocking the d-file and castling queenside on the next move was probably
better.}) 12... Bd4 $5 {If white moves the knight to e2 or a4, she loses the
pawn of b2. If she does something else e.g. Bd3, I'll always have the
possibility of doubling her pawns with ...Bxc3.} 13. Nd1 $2 {stops ... Bxc3
and defends b2, but it's too slow. White is now at least 2 moves (or more,
because if she moves the knight I can take it and prevent castling again) away
from castling, which is not going to end well for her once I open the e-file.}
f5 14. exf5 $6 {This opens the e-file, which may be disastrous if white can't
protect her king quickly. The computer even suggests returning with 14. Nc3,
keeping the e-file closed for the moment and possibly escaping with the king
to the queenside.} Bxf5 15. Bd3 Rhe8+ 16. Kd2 {Forcing the king out.} Bf6 $1 {
Opening up the d-file and threatening Bg5+.} (16... Be5 $1 {with the same idea
also works.}) 17. Rb1 {After thinking for a long time, Susan decided to play
this. Rb1 is a mistake, but there weren't any good options at this point.} (17.
Re1 {A small improvement, but she probably didn't like} Bg5+ 18. Ne3 c5 19. b3
Bxd3 20. cxd3 Re6 $17 {with a clear advantage for black.}) 17... c5 $1 18. b3 {
Prevents ...c4.} b5 {Threatens to win the bishop again.} 19. Kc1 {Saves the
bishop, but this runs into another problem - and it's not just about the pawn.}
Bg5+ 20. Kb2 Bxd3 21. cxd3 Re2+ $1 22. Ka1 Bf6+ 23. Nb2 Rxd3 $19 {I can now
trade a set of rooks, take the kingside pawns, and trade everything on b2. The
resulting king and pawn endgame is easily won. White resigns.} 0-1

[Event "Simultaneous Exhibition"]
[Site "Bellevue Hyatt, Bellevue, WA"]
[Date "2021.10.02"]
[Round "?"]
[White "Polgar, GM Susan (Zsuzsa)"]
[Black "Razmov, Valentin"]
[Result "1/2-1/2"]
[WhiteElo "2577"]
[BlackElo "1986"]
[Annotator "Valentin Razmov"]
[PlyCount "70"]
[EventDate "2021.??.??"]

{[%evp 0,70,28,30,26,27,27,27,52,44,76,-1,29,29,24,-10,54,8,21,-15,-2,-9,7,-13,
12,-7,1,-73,-39,-54,-57,-48,-48,-67,-57,-61,-56,-38,-48,-39,-39,-52,-21,-29,
-38,-82,-69,-65,-31,-28,0,-7,-8,-21,-21,-23,-25,-27,-24,-20,-27,-27,-8,-22,-8,
-25,-8,-19,-7,0,0,0,0]} 1. Nf3 Nf6 2. d4 d5 3. Bf4 c5 4. e3 Nc6 5. Nbd2 e6 6.
c3 Bd6 7. Bg3 b6 $6 {Not the best treatment of the London System for Black,
since the c6-square and the knight sitting on it are now weakened as a result.}
(7... O-O) 8. Ne5 (8. Bb5 $5 {is more ambitious, attempting to immediately
take advantage of the temporarily weakened a4-e8 diagonal:} Qc7 9. Bxd6 Qxd6
10. Ne5 Bd7 11. f4 {⩲} (11. Nxd7 Nxd7 12. Qg4 O-O 13. Qg3 Qxg3 14. hxg3 Rfc8)
) 8... Bb7 9. Bd3 {Played after a long think by the GM...} O-O 10. O-O Ne7 {
A well-known plan for regrouping Black's pieces and adding strength to Black's
king-side.} (10... Qc7 11. Nxc6 (11. f4 Ne7 12. Qb1 c4 13. Bc2 b5 {∞} 14. Bh4
Ng6 15. Nxg6 fxg6) 11... Bxc6 (11... Bxg3 12. fxg3 Bxc6 13. Rxf6 gxf6 14. Qh5
f5 15. Qg5+ Kh8 16. Qf6+ {=})) 11. Bh4 $6 {White seems a bit too eager to take
advantage of Black's latest move. Now White falls under some pressure
themselves.} (11. Qf3 Qc7) 11... Ne4 $1 {A standard way for Black to simplify
and gain counterplay in many Queen's pawn openings.} 12. Bxe4 $6 {Once again,
played after several minutes of thought.} (12. Nec4 Bc7 13. f3 Nxd2 14. Nxd2 f6
15. Bf2 Qd7) 12... dxe4 13. Ndc4 $6 {Natural, but not optimal. I had
considered some alternatives:} (13. Qg4 f5 14. Qg5 {⩱}) (13. Nec4 f6 (13...
cxd4 14. Nxd6 Qxd6 15. Nc4 Qd7 16. Bxe7 Qxe7 17. cxd4 Rfc8 {=}) 14. Nxd6 Qxd6
15. Bg3 Qd5) 13... f6 14. Nxd6 {And another long thought by the GM here...} (
14. dxc5 $6 Bxe5 (14... Bxc5 $2 15. Nd7 Bd5 16. Nxf8 Bxc4 {=}) 15. Nxe5 Nf5 16.
c6 (16. Qg4 $5 h5 $1) 16... Ba6 {∓}) (14. Qg4 $6 Bd5 $1 {∓}) 14... Qxd6 15.
Nc4 Qd5 16. Nd2 Nf5 {Now White's bishop is without much prospect.} 17. Bg3 Ba6
$2 {Putting White's rook where it actually wants to go.} (17... cxd4 18. cxd4 (
18. exd4 $6 e3 19. Nf3 g5 $1 {∓}) 18... h5 $5 {∓}) 18. Re1 Nxg3 19. hxg3
Rfd8 (19... Bd3 $5 {⩱}) 20. Qb3 f5 $6 {Attempting to preempt f2-f3 by White,
but this move creates a weakness on e5 in the long-term, which the White
knight might be able to utilize as a future outpost.} (20... Bd3 21. Qxd5 exd5
22. f3 f5 {⩱}) 21. Qxd5 exd5 {= White equalized after Black's recent
inaccuracies.} 22. f4 $2 {Once again, White seems overly eager to blockade the
center in defense, but allows Black a future protected passed e-pawn. Perhaps
White was influenced at this point by feeling under pressure on all 3 top
boards of the simul event (especially one of those boards already had a lost
position for the GM) -- I was playing on board 2.} Rd6 {Looking for potential
king-side activity or doubling rooks in the center.} (22... Bd3 23. Nb3 Rab8 {
⩱}) 23. a4 {Likely planning to push a4-a5 and weaken the queen-side,
including the support of Black's c5-pawn} cxd4 24. exd4 {Keeping the c-file
closed and planning to blockade on the dark squares (including e3) via either
king or knight} b5 $2 {A positional mistake - in an attempt to open up files
for the rooks and bishop, Black went too fast in asking for it and
accidentally weakened the c5-square, which the white knight can utilize to
blockade the queen-side and even turn up the pressure on Black there.} (24...
Rb8 {⩱ maintains the pressure on White}) 25. axb5 (25. Nf1 $5 bxa4 26. Ne3
Bb5 (26... g6 $6 27. Rxa4 {⩲} Bb5 28. Ra5 a6) 27. Nxf5 Rd7 28. c4 $5 {=})
25... Bxb5 26. Nb3 Rb6 {In turn, realizing that things aren't going as planned,
Black now \"presses on the brakes\" and with a series of accurate moves closes
the queen-side by forcing White to blockade there.} 27. Nc5 Bc4 28. b4 ({
During the game I was uneasy about the option} 28. b3 $2 Bxb3 29. Reb1 {
and felt relieved when White didn't take that path (in reality White likely
didn't even consider it, since move 28 was played very quickly), only to
realize later that} Ba2 $1 {was in fact tactically refuting such an idea by
White, e.g.,} 30. Rxb6 axb6 31. Nd7 Kf7 (31... b5 $2 32. Kf2) 32. Nxb6 Rb8 33.
Rxa2 Rxb6 34. Ra7+ Kf6 35. Rd7 Rc6 36. Rxd5 Rxc3 {∓ and only Black can play
for something more than a draw here.}) 28... Bb5 {Ensuring that all light
squares are guarded, so the white knight won't be able to jump around and
create chaos in the back of Black's position.} 29. Kf2 a6 {Closing off the
queen-side for good, and also freeing up the rook on a8.} 30. Rh1 Rf8 31. Ra3
Rff6 32. Rh5 {Preventing rook trades via ...Rh6, and thus keeping Black from
taking over the king-side too. A drawish outcome was already taking shape at
this point.} g6 {Now Black hatches a plan to close off the king-side and hold
a fortress-like structure, as there seem to be no realistic winning
opportunities any more.} 33. Rh1 h5 $1 {Prevents pawn breaks like g3-g4,
unless White is willing to take the risk of a sacrifice to accomplish that.}
34. Rha1 Kf7 35. Ke3 Ke7 {and here White offered a draw, which was promptly
accepted. Neither White, nor Black can reasonably expect to be able to press
on without taking a big risk in opening up the position at the cost of some
pawn sacrifice(s).} 1/2-1/2